000 00391 a2200145 4500
005 20250425115652.0
020 _a9976 60 173 5
082 _a657.48 BAU
100 _aBAUTISTA, I. V.
245 _aIntroduction Financial Accounting.
260 _aTanzania,
_bDar Es Salaam University Press,
_c1994.
300 _aXii, 445p.: ill.;
_bIndex
_c29 cm.
700 _aASSAD, M. J.
942 _2ddc
_cBKS
999 _c1653
_d1653